000 00587nam a2200229Ia 4500
003 OSt
005 20221005120718.0
006 a|||||r|||| 00| 0
007 ta
008 221004b |||||||| |||| 00| 0 eng d
024 _a59100
037 _cTextual
040 _aCRL
_cCRL
_beng
041 _2eng
_aeng
082 _aU8:2ME, J3
100 _aMorin Michaeline
_9629556
245 0 _aEverest from the first attempt to the final victory
260 _c1953
650 _aGEOGRAPHY
942 _hU8:2ME, J3
_cTEXL
_2cc
999 _c1038913
_d1038913